Bioinformatics (Record no. 16755)
[ view plain ]
| 000 -LEADER | |
|---|---|
| fixed length control field | 00265nam a22001217a 4500 |
| 008 - FIXED-LENGTH DATA ELEMENTS--GENERAL INFORMATION | |
| fixed length control field | 140102t xxu||||| |||| 00| 0 eng d |
| 020 ## - INTERNATIONAL STANDARD BOOK NUMBER | |
| International Standard Book Number | 81-7754-299-0 |
| 100 ## - MAIN ENTRY--PERSONAL NAME | |
| Personal name | M.M. Ranga |
| 9 (RLIN) | 483 |
| 245 ## - TITLE STATEMENT | |
| Title | Bioinformatics |
| 250 ## - EDITION STATEMENT | |
| Edition statement | 2nd Ed. |
| 300 ## - PHYSICAL DESCRIPTION | |
| Extent | 340 |
| 942 ## - ADDED ENTRY ELEMENTS (KOHA) | |
| Source of classification or shelving scheme | |
| Koha item type | Book |
| Withdrawn status | Lost status | Source of classification or shelving scheme | Damaged status | Not for loan | Collection code | Permanent Location | Current Location | Date acquired | Total Checkouts | Full call number | Barcode | Date last seen | Date last checked out | Price effective from | Koha item type |
|---|---|---|---|---|---|---|---|---|---|---|---|---|---|---|---|
| Central Library (CL) | Central Library (CL) | 01/02/2014 | 1 | 570 RAN | ASAB1991 | 09/25/2024 | 10/12/2015 | 01/02/2014 | Book |
